| 000 | 005430000a22002290004500 | ||
|---|---|---|---|
| 003 | LK-CoMWRAF | ||
| 005 | 20230924072326.0 | ||
| 008 | 230817t ||||| |||| 00| 0 eng d | ||
| 020 | _a0007110324 | ||
| 040 |
_aLK-CoMWRAF _dLK-CoMWRAF _eLK-CoMWRAF |
||
| 041 | _aeng | ||
| 082 |
_a294.3 _bSTE |
||
| 245 | _aBuddhism | ||
| 260 | _c2001 | ||
| 300 | _ap.90 | ||
| 650 | _aBuddhist Ethics | ||
| 653 | _aBuddhism - Sri Lanka | ||
| 653 | _aBuddhism-History | ||
| 653 | _aBuddhism-India | ||
| 700 |
_aStewart,, Jillian _eed. |
||
| 942 | _cBK | ||
| 999 |
_c2179 _d2179 |
||